| Tag |
First Indicator |
Second Indicator |
Subfields |
| LEADER |
00000cam a2200000 i 4500 |
| 001 |
in00003492721 |
| 006 |
m o d |
| 007 |
cr cn||||||||| |
| 008 |
140827t20142014mnua ob 001 0 eng d |
| 005 |
20250816213637.3 |
| 020 |
|
|
|z 9780816691982
|
| 020 |
|
|
|z 9780816691968
|
| 020 |
|
|
|a 9781452943053 (e-book)
|
| 035 |
|
|
|a (CaPaEBR)ebr10906494
|
| 035 |
|
|
|a (OCoLC)886539956
|
| 040 |
|
|
|a CaPaEBR
|b eng
|e rda
|e pn
|c CaPaEBR
|d UtOrBLW
|
| 050 |
1 |
4 |
|a PL856.U673
|b .S774 2014eb
|
| 082 |
0 |
4 |
|a 895.6/35
|2 23
|
| 100 |
1 |
|
|a Strecher, Matthew,
|e author.
|
| 245 |
1 |
4 |
|a The forbidden worlds of Haruki Murakami /
|c Matthew Carl Strecher.
|
| 264 |
|
1 |
|a Minneapolis, Minnesota :
|b University of Minnesota Press,
|c 2014.
|
| 264 |
|
4 |
|c ©2014
|
| 300 |
|
|
|a 1 online resource (292 pages) :
|b illustrations
|
| 336 |
|
|
|a text
|b txt
|2 rdacontent
|
| 337 |
|
|
|a computer
|b c
|2 rdamedia
|
| 338 |
|
|
|a online resource
|b cr
|2 rdacarrier
|
| 504 |
|
|
|a Includes bibliographical references and index.
|
| 588 |
|
|
|a Description based on print version record.
|
| 600 |
1 |
0 |
|a Murakami, Haruki,
|d 1949-
|x Criticism and interpretation.
|
| 655 |
|
7 |
|a Electronic books.
|2 local
|
| 710 |
2 |
|
|a ebrary, Inc.
|
| 776 |
0 |
8 |
|i Print version:
|a Strecher, Matthew.
|t Forbidden worlds of Haruki Murakami.
|d Minneapolis, Minnesota : University of Minnesota Press, c2014
|h xiv, 275 pages
|z 9780816691982
|w 2014015111
|
| 856 |
4 |
1 |
|u https://ebookcentral.proquest.com/lib/tamucs/detail.action?docID=1762167
|y Connect to the full text of this electronic book
|t 0
|
| 980 |
|
|
|a 140903
|b 69
|c USD
|e 103.5
|f YBP_EBR0000096016
|g 1
|
| 999 |
f |
f |
|s 2fc34514-1cb0-3e25-a806-c3b8a0988656
|i 7d2b001a-65a7-38c3-9594-9cdaff9f06a8
|t 0
|
| 999 |
|
|
|a MARS
|
| 952 |
f |
f |
|a Texas A&M University
|b College Station
|c Electronic Resources
|d Available Online
|t 0
|e PL856.U673 .S774 2014eb
|h Library of Congress classification
|
| 998 |
f |
f |
|a PL856.U673 .S774 2014eb
|t 0
|l Available Online
|